Ligue 1 Players - Statistics

General Stats
  • This quiz has been taken 359 times
    237 since last reset
  • The average score is 21 of 30
Answer Stats
Player Club % Correct
Memphis Depay Lyon
98%
Stéphane Ruffier Saint Etienne
96%
Kamil Glik Monaco
94%
Wylan Cyprien Nice
94%
Adrien Rabiot Paris
94%
José Fonté Lille
91%
Giovani Lo Celso Paris
90%
Aleksandr Golovin Monaco
89%
Adil Rami Marseille
84%
Mario Balotelli Nice
82%
Youri Tielemans Monaco
78%
Benoît Costil Bordeaux
77%
Romain Hamouma Saint Etienne
77%
Andy Delort Montpellier
76%
Mariano Lyon
75%
Valentin Rongier Nantes
74%
Dimitri Liénard Strasbourg
72%
Ramy Bensebaini Rennes
70%
Tomáš Hubočan Marseille
64%
Thiago Maia Lille
62%
Ola Toivonen Toulouse
62%
Youssouf Sabaly Bordeaux
61%
Cheikh Ndoye Angers
57%
Souleymane Camara Montpellier
43%
Moussa Konaté Amiens
42%
Yoann Gourcuff Dijon
41%
Sada Thioub Nîmes
40%
Pablo Chavarría Reims
38%
Nolan Roux Guingamp
32%
Paul Baysse Caen
31%
No matching quizzes found
Score Distribution
Percent of People with Each Score
Percentile by Number Answered
Your Score History
You have not taken this quiz since the last reset